| 000 | 00549nam a2200205Ia 4500 | ||
|---|---|---|---|
| 008 | 220216s9999 xx 000 0 und d | ||
| 100 | _aJoseph Joy | ||
| 245 | 0 | _aPrediction of service life of rubber products based on arrhenius theory | |
| 260 |
_bRubber Science _c2019 |
||
| 300 | _a83-93 | ||
| 650 | _aAgeing | ||
| 650 | _aEthylene propylene diene rubber | ||
| 650 | _aNatural rubber | ||
| 650 | _aNitrile rubber | ||
| 650 | _aService life | ||
| 650 | _aTensile strength | ||
| 700 | _aJacob M.K | ||
| 700 | _aVarkey K.J | ||
| 942 | _cBS | ||
| 999 |
_c51385 _d51385 |
||